Personnages de Station 19 par images - Statistiques

Statistiques générales
  • Ce quiz a été pris 54 fois
  • Le résultat moyen est 12 sur 16
Statistiques - réponses
Par images Réponse % Correct
Ben Warren
100%
Carina DeLuca
98%
Andrea Herrera
95%
Maya Bishop
90%
Victoria Hughes
85%
Jack Gibson
83%
Travis Montgomery
83%
Dean Miller
76%
Robert Sullivan
73%
Theo Ruiz
66%
Pruitt Herrera
63%
Ryan Tanner
61%
Emmett Dixon
56%
Natasha Ross
56%
Sean Beckett
49%
Rigo Vasquez
32%
Aucun quiz correspondant
Distribution des résultats
% des personnes avec chaque résultat
Percentile par nombre de réponses
Votre historique - résultats
Vous n’avez pas pris ce quiz